000 00454nam a2200181Ia 4500
005 20260429112123.0
008 260429s9999||||xx |||||||||||||| ||und||
020 _a9781032786018
041 _aEnglish
082 _a658.5752
_bDEK
100 _aDekker, Teun Den
245 0 _aDesign thinking /
_cTeun Den Dekker
250 _a1st ed.
260 _aLondon :
_bRoutledge,
_c2025.
300 _a243 p.; pbk
650 _aDesign thinking
942 _cTB
999 _c52454
_d52454